Ekta ke devdoot : (Record no. 167899)

000 -LEADER
fixed length control field 00301nam a22001211a 4500
082 ## - DEWEY DECIMAL CLASSIFICATION NUMBER
Classification number H 181.482
Item number DAS/E
100 ## - MAIN ENTRY--PERSONAL NAME
Personal name Dasharath Ojha
245 ## - TITLE STATEMENT
Title Ekta ke devdoot :
Remainder of title Sankaracarya/
Statement of responsibility, etc. by Dasharath Ojha.
260 ## - PUBLICATION, DISTRIBUTION, ETC.
Place of publication, distribution, etc. New Delhi:
Name of publisher, distributor, etc. Rajpal,
Date of publication, distribution, etc.
300 ## - PHYSICAL DESCRIPTION
Extent
650 ## - SUBJECT ADDED ENTRY--TOPICAL TERM
Topical term or geographic name entry element Advaita Philosophy
942 ## - ADDED ENTRY ELEMENTS (KOHA)
Koha item type Book
Holdings
Withdrawn status Lost status Damaged status Not for loan Permanent Location Current Location Shelving location Date acquired Total Checkouts Full call number Barcode Date last seen Price effective from Koha item type
        RC Thiruvananthapuram RC Thiruvananthapuram   17.11.2018   H 181.482 DAS/E TV010106 17.11.2018 17.11.2018 Book